00583 a2200145 4500003000500000005001700005040000900022082001900031100003700050245008800087260002800175300001000203505019500213650002900408Nust20230102093603.0 cNust a355.309549,PAK aAskree, Maj Gen Syed Zafar Mehdi aPakistan Army Green Book -1991, bYear of the Commanding Officer / hGHQ Rawalpindi aRawalpindibG.H.Qc1991 a375:p aPart One: Leadership The Commanding Officer (Page-1), Part Two: Reorganization, Induction and Developments (Page-257), Part Three: Future Trends and Development in Weapon Systems (Page-343). aPakistan Army Green Book